ARRUPE JESUIT UNIVERSITY

CORONAVIRUS -STOP THE SPREAD - CLEAN,DISINFECT,COVER

Interpellés par le marxisme : (Record no. 128294)

MARC details
000 -LEADER
fixed length control field 00742cam a2200205 a 4500
001 - CONTROL NUMBER
control field 4709201
003 - CONTROL NUMBER IDENTIFIER
control field ARRUPE
005 - DATE AND TIME OF LATEST TRANSACTION
control field 20181002120902.0
008 - FIXED-LENGTH DATA ELEMENTS--GENERAL INFORMATION
fixed length control field 860703s1982 cg 000 0 fre
010 ## - LIBRARY OF CONGRESS CONTROL NUMBER
LC control number 82226092
040 ## - CATALOGING SOURCE
Original cataloging agency DLC
Transcribing agency DLC
Modifying agency DLC
050 00 - LIBRARY OF CONGRESS CALL NUMBER
Classification number BR128.A8.H877
300 ## - PHYSICAL DESCRIPTION
Dimensions 20 cm.
100 1# - MAIN ENTRY--PERSONAL NAME
Personal name Huber, Eduard,
Dates associated with a name 1922-
9 (RLIN) 42697
245 10 - TITLE STATEMENT
Title Interpellés par le marxisme :
Remainder of title réflexions d'un chrétien /
Statement of responsibility, etc par Eduard Huber.
260 ## - PUBLICATION, DISTRIBUTION, ETC. (IMPRINT)
Place of publication, distribution, etc Kinshasa-Gombe, Zaïre :
Name of publisher, distributor, etc Publications S.P. Canisius,
Date of publication, distribution, etc 1982.
300 ## - PHYSICAL DESCRIPTION
Extent 88 p. ;
440 #0 - SERIES STATEMENT/ADDED ENTRY--TITLE
Title Publications de l'Institut S.P. Canisius.
Name of part/section of a work Section Philosophie ;
Volume number/sequential designation 5
9 (RLIN) 42698
650 #0 - SUBJECT ADDED ENTRY--TOPICAL TERM
Topical term or geographic name as entry element Communism and Christianity.
9 (RLIN) 1134
906 ## - LOCAL DATA ELEMENT F, LDF (RLIN)
a 7
b cbc
c orignew
d 4
e ncip
f 19
g y-gencatlg
942 ## - ADDED ENTRY ELEMENTS (KOHA)
Source of classification or shelving scheme Library of Congress Classification
Koha item type Monograph ( Printed materials)
Holdings
Withdrawn status Lost status Source of classification or shelving scheme Damaged status Not for loan Home library Current library Date acquired Total Checkouts Full call number Barcode Date last seen Price effective from Koha item type
    Library of Congress Classification     ARRUPE LIBRARY ARRUPE LIBRARY 02/10/2018   BR128.A8.H877 46600003206 02/10/2018 02/10/2018 Monograph ( Printed materials)

 

Arrupe Library. PO Box MP320 Mt Pleasant, Harare, Zimbabwe
263 242 745411|librarian@aju.ac.zw